[Event "Kvika Reykjavik Open 2022"]
[Site "Reykjavik ISL"]
[Date "2022.04.07"]
[Round "2.67"]
[White "Moerman, Thomas"]
[Black "Jonsson, Johann"]
[Result "1-0"]
[WhiteElo "2022"]
[BlackElo "1770"]
[WhiteFideId "235644"]
[BlackFideId "2321688"]
[EventDate "2022.04.06"]

1. d4 d5 2. c4 c6 3. Nf3 Nf6 4. g3 a6 5. Bg2 b5 6. b3 Bf5 7. O-O e6 8. Nc3 Nbd7
9. Nh4 Bg6 10. Nxg6 hxg6 11. e4 b4 12. exd5 cxd5 13. cxd5 bxc3 14. dxe6 fxe6 15.
Qe2 Ra7 16. Qxe6+ Be7 17. Re1 Kf8 18. g4 Nb6 19. g5 Nfd5 20. Re5 Bd6 21. Bxd5
Bxe5 22. Ba3+ Re7 23. Qf7# 1-0

[Event "Kvika Reykjavik Open 2022"]
[Site "Reykjavik ISL"]
[Date "2022.04.07"]
[Round "2.68"]
[White "Acevedo Mendez, Lisseth"]
[Black "White, Nigel"]
[Result "0-1"]
[WhiteTitle "WIM"]
[WhiteElo "1801"]
[BlackElo "2018"]
[WhiteFideId "6502938"]
[BlackFideId "455830"]
[EventDate "2022.04.06"]

1. e4 c5 2. Nf3 d6 3. Bb5+ Nd7 4. c4 e5 5. Nc3 g6 6. d3 Bg7 7. O-O Ne7 8. Rb1
O-O 9. b4 f5 10. Bxd7 Qxd7 11. Nd5 Nxd5 12. cxd5 cxb4 13. Rxb4 b6 14. Ba3 Ba6
15. Re1 Rfc8 16. Qd2 Rc7 17. Rb3 Rac8 18. Qb4 Bf8 19. Ng5 Be7 20. Ne6 Rc2 21. d4
R8c4 22. exf5 Rxb4 23. Bxb4 g5 24. g4 Bc4 25. Rbe3 Bf6 26. dxe5 Bxe5 27. Nxg5
Bxd5 28. a3 a5 29. Bxd6 Bxd6 30. Re8+ Kg7 31. Ne6+ Bxe6 32. R8xe6 Bc5 33. f6+
Kf8 0-1

[Event "Kvika Reykjavik Open 2022"]
[Site "Reykjavik ISL"]
[Date "2022.04.07"]
[Round "2.69"]
[White "Balzer, Lars"]
[Black "Steiners, Emils"]
[Result "1-0"]
[WhiteElo "2015"]
[BlackElo "1731"]
[WhiteFideId "4646452"]
[BlackFideId "11629991"]
[EventDate "2022.04.06"]

1. e4 e6 2. d4 d5 3. e5 c5 4. c3 Nc6 5. Be3 cxd4 6. cxd4 Bb4+ 7. Nc3 a6 8. Bd3
Nge7 9. Ne2 Nf5 10. O-O O-O 11. Rc1 Bxc3 12. bxc3 b5 13. Bf4 Bd7 14. Ng3 Na5 15.
Nh5 Kh8 16. Qg4 Rg8 17. Bg5 Qf8 18. Qh3 h6 19. g4 Ne7 20. Nf6 gxf6 21. Bxh6 Rg7
22. exf6 Rxg4+ 23. Kh1 Qxh6 24. Qxh6+ Kg8 25. Bh7+ Kh8 26. Bf5+ Kg8 27. Bxg4 1-0

[Event "Kvika Reykjavik Open 2022"]
[Site "Reykjavik ISL"]
[Date "2022.04.07"]
[Round "2.70"]
[White "Manukonda, Arun"]
[Black "Putz, Philippe Marco"]
[Result "1-0"]
[WhiteElo "2014"]
[BlackElo "1697"]
[WhiteFideId "5080789"]
[BlackFideId "16294190"]
[EventDate "2022.04.06"]

1. d4 d5 2. c4 c6 3. Nc3 Nf6 4. e3 a6 5. Nf3 Bf5 6. cxd5 cxd5 7. Qb3 Ra7 8. Ne5
e6 9. Qa4+ Nbd7 10. Bb5 Ra8 11. Be2 h5 12. O-O b5 13. Qb3 Nxe5 14. dxe5 Ng4 15.
e4 Bxe4 16. Nxe4 dxe4 17. Bg5 Be7 18. Rad1 Qc7 19. Bxb5+ Kf8 20. Rd7 Qxe5 21.
Bxe7+ Kg8 22. Bd6 Qxb5 23. Qxb5 axb5 24. a3 Nf6 25. Rb7 Rd8 26. Bc5 Rd5 27. Rxb5
Kh7 28. Ra5 Kg6 29. Bb4 Rb8 30. Ra7 Rdb5 31. Bc3 Nd5 32. Bd4 f6 33. b4 R5b7 34.
Rxb7 Rxb7 35. Re1 Kf5 36. Bc5 g5 37. Rb1 Nc3 38. Rb3 Na4 39. Be3 Rb5 40. Kf1 Ke5
41. Rb1 Nc3 42. Rc1 Na2 43. Rc4 Kd5 44. Rd4+ Ke5 45. Rc4 Kd5 46. Rc2 Nxb4 47.
Rb2 Kc4 48. Rxb4+ Rxb4 49. axb4 Kxb4 50. Bd4 f5 51. Bf6 g4 52. Ke2 Kc4 53. Ke3
f4+ 1-0

[Event "Kvika Reykjavik Open 2022"]
[Site "Reykjavik ISL"]
[Date "2022.04.07"]
[Round "2.71"]
[White "Smith, Lynda"]
[Black "Olesen, Poul Erik Norgaard"]
[Result "1-0"]
[WhiteTitle "WCM"]
[WhiteElo "1772"]
[BlackElo "2010"]
[WhiteFideId "1800191"]
[BlackFideId "1404253"]
[EventDate "2022.04.06"]

1. e4 g6 2. g3 Bg7 3. Bg2 d6 4. d3 Nf6 5. Nc3 c6 6. h3 Nbd7 7. Be3 O-O 8. Qd2
Re8 9. Nge2 e5 10. O-O Nf8 11. f4 exf4 12. Nxf4 h6 13. Kh2 Kh7 14. Rad1 Ne6 15.
Qf2 Bd7 16. Nxe6 Bxe6 17. Bd4 Nd7 18. Bxg7 Kxg7 19. Qd4+ Ne5 20. Ne2 g5 21. Qc3
c5 22. d4 cxd4 23. Nxd4 Rc8 24. Nxe6+ Rxe6 25. Qd2 Rf6 26. Rf5 Qc7 27. c3 Re6
28. Rdf1 Qb6 29. b3 Rc7 30. c4 a5 31. Qd1 Qb4 32. Bf3 a4 33. Bh5 axb3 34. axb3
Qc3 35. h4 g4 36. Bxg4 Rg6 37. Bf3 h5 38. Rg1 Re7 39. Bxh5 Rh6 40. Rgf1 Qe3 41.
R5f4 f6 42. Bg4 Ng6 43. Qxd6 Rf7 44. Rxf6 1-0

[Event "Kvika Reykjavik Open 2022"]
[Site "Reykjavik ISL"]
[Date "2022.04.07"]
[Round "2.73"]
[White "Ostensson, Julia"]
[Black "Jaivardhan, Raj"]
[Result "0-1"]
[BlackTitle "CM"]
[WhiteElo "1731"]
[BlackElo "2006"]
[WhiteFideId "1747703"]
[BlackFideId "25744437"]
[EventDate "2022.04.06"]

1. e4 c5 2. Nc3 Nc6 3. f4 g6 4. Nf3 Bg7 5. Bc4 e6 6. O-O Nge7 7. d3 O-O 8. Qe1
d5 9. Bb3 Nd4 10. Ne2 Nec6 11. Nexd4 Nxd4 12. Kh1 b5 13. c3 Nxf3 14. gxf3 Bb7
15. Bc2 Re8 16. a4 a6 17. Be3 Rc8 18. Qe2 e5 19. Qg2 Qc7 20. f5 d4 21. Bd2 gxf5
22. Bh6 f6 23. Bb3+ Kh8 24. Bxg7+ Qxg7 25. Qxg7+ Kxg7 26. axb5 axb5 27. Ra7 Rc7
28. Bd5 Ree7 29. Rg1+ Kh6 30. Bxb7 Rxb7 31. Ra6 Rf7 32. cxd4 exd4 33. e5 c4 34.
Rd1 c3 35. bxc3 dxc3 36. exf6 b4 37. Ra4 c2 38. Rg1 Rxf6 39. Ra2 b3 40. Ra4 f4 0-1

[Event "Kvika Reykjavik Open 2022"]
[Site "Reykjavik ISL"]
[Date "2022.04.07"]
[Round "2.74"]
[White "De Winter, Eric"]
[Black "Rice, Chris B"]
[Result "0-1"]
[WhiteElo "1722"]
[BlackElo "1989"]
[WhiteFideId "1033069"]
[BlackFideId "404446"]
[EventDate "2022.04.06"]

1. d4 Nf6 2. c4 g6 3. Nc3 Bg7 4. f3 O-O 5. e4 d6 6. Be3 Nc6 7. Qd2 a6 8. g4 Rb8
9. Be2 Bd7 10. g5 Ne8 11. h4 e5 12. d5 Nd4 13. h5 b5 14. hxg6 fxg6 15. cxb5 axb5
16. f4 b4 17. Bxd4 exd4 18. Nd1 Qe7 19. Bd3 c5 20. Qh2 Bh8 21. Nf2 Rc8 22. b3
Nc7 23. Ne2 Rf7 24. O-O-O Ra8 25. Kb1 Nb5 26. Bxb5 Bxb5 27. Ng4 Qxe4+ 28. Kc1
Rxa2 0-1

[Event "Kvika Reykjavik Open 2022"]
[Site "Reykjavik ISL"]
[Date "2022.04.07"]
[Round "2.75"]
[White "Patel, Zain"]
[Black "Filipovich, David"]
[Result "0-1"]
[WhiteElo "1557"]
[BlackElo "1975"]
[WhiteFideId "469246"]
[BlackFideId "2600706"]
[EventDate "2022.04.06"]

1. d4 g6 2. c4 Bg7 3. Nc3 c5 4. d5 Bxc3+ 5. bxc3 f5 6. h4 Nf6 7. Nf3 Qa5 8. Qc2
d6 9. e3 Nbd7 10. Be2 Nb6 11. O-O Bd7 12. Nd2 Qa4 13. Qb1 e6 14. dxe6 Bxe6 15.
e4 O-O-O 16. exf5 Bxf5 17. Bd3 Be6 18. Bc2 Qa6 19. Re1 Rde8 20. Ne4 Nxe4 21.
Bxe4 Qxc4 22. a4 Bd5 23. f3 Bxe4 24. fxe4 d5 25. a5 Nd7 26. Bf4 Rxe4 27. Bd2
Rhe8 28. Qc2 Re2 29. Rxe2 Rxe2 30. Re1 Qg4 31. Rxe2 Qxe2 32. Qc1 Ne5 33. Be3 Nd3
34. Qd2 Qxd2 35. Bxd2 Kd7 36. Kf1 Nb2 37. Be3 Kc6 38. Ke2 Nc4 39. Bf2 Nxa5 40.
g4 Nc4 0-1

[Event "Kvika Reykjavik Open 2022"]
[Site "Reykjavik ISL"]
[Date "2022.04.07"]
[Round "2.78"]
[White "Tirziman, Rudolf"]
[Black "Bulacio, Juan Manuel"]
[Result "1-0"]
[WhiteElo "1963"]
[BlackElo "1636"]
[WhiteFideId "2508664"]
[BlackFideId "20006330"]
[EventDate "2022.04.06"]

1. d4 d5 2. c4 dxc4 3. Nf3 Nf6 4. e3 e6 5. Bxc4 a6 6. a4 c5 7. O-O Nbd7 8. Qe2
Qc7 9. e4 cxd4 10. e5 d3 11. Bxd3 Nd5 12. Nc3 Nxc3 13. bxc3 Nc5 14. Bc2 Be7 15.
Nd4 b6 16. f4 g6 17. Rf3 Bb7 18. Rh3 Nd7 19. Rb1 h5 20. Bd2 Bc5 21. Be1 O-O-O
22. Bf2 Kb8 23. Be4 Rc8 24. Kh1 Rhd8 25. a5 Ka7 26. axb6+ Nxb6 27. Ra1 Kb8 28.
Rb1 Bxe4 29. Qxe4 Qb7 30. Qe2 Ka7 31. Rd3 Qd5 32. Ra1 Kb7 33. Rdd1 Qc4 34. Qb2
Kc7 35. Rdb1 Rb8 36. Nb3 Bxf2 37. Qxf2 Nd5 38. Qa7+ Rb7 39. Qxb7+ Kxb7 40. Na5+
Kc7 41. Nxc4 1-0

[Event "Kvika Reykjavik Open 2022"]
[Site "Reykjavik ISL"]
[Date "2022.04.07"]
[Round "2.79"]
[White "Green, Per"]
[Black "Eedle, Eric F"]
[Result "1/2-1/2"]
[WhiteElo "1946"]
[BlackElo "1559"]
[WhiteFideId "1703811"]
[BlackFideId "429627"]
[EventDate "2022.04.06"]

1. c4 c5 2. g3 Nc6 3. Bg2 g6 4. Nc3 Bg7 5. Nf3 e5 6. a3 Nge7 7. O-O O-O 8. Rb1
d6 9. b4 f5 10. Ne1 e4 11. Nc2 Be6 12. Ne3 b6 13. Ncd5 Rc8 14. Bb2 Ne5 15. d3
Bxd5 16. cxd5 exd3 17. exd3 cxb4 18. axb4 Qd7 19. f4 Ng4 20. Nxg4 fxg4 21. Bxg7
Kxg7 22. Re1 h5 23. Re6 Nf5 24. Qd2 Rfe8 25. Qb2+ Kh7 26. Rbe1 Ng7 27. Rxe8 Rxe8
28. Be4 Nf5 29. Rc1 Rc8 30. Qa3 Rxc1+ 31. Qxc1 Qg7 32. Kg2 Kh6 33. h3 Qd4 34.
hxg4 Ne3+ 35. Kf3 hxg4+ 36. Ke2 Nf5 37. Bxf5 gxf5 38. Qc4 1/2-1/2

[Event "Kvika Reykjavik Open 2022"]
[Site "Reykjavik ISL"]
[Date "2022.04.07"]
[Round "2.80"]
[White "Schultze, Joerg-Martin"]
[Black "Gupta, Anand"]
[Result "1-0"]
[WhiteElo "1932"]
[BlackElo "1543"]
[WhiteFideId "12972070"]
[BlackFideId "30951739"]
[EventDate "2022.04.06"]

1. d4 Nf6 2. c4 g6 3. Nc3 d5 4. cxd5 Nxd5 5. e4 Nxc3 6. bxc3 Bg7 7. Bg5 c5 8.
Rc1 cxd4 9. cxd4 O-O 10. d5 h6 11. Be3 e6 12. Bc4 exd5 13. Bxd5 Re8 14. Ne2 Nc6
15. O-O Be6 16. Qd2 Ne5 17. Bxh6 Bxh6 18. Qxh6 Ng4 19. Qd2 Qd6 20. Qf4 Ne5 21.
Rfd1 Qa6 22. Qxe5 Qxe2 23. Qd4 Rad8 24. Qd2 Qxd2 25. Rxd2 Bxd5 26. exd5 Rd6 27.
f4 Rd7 28. Kf2 Re4 29. Kf3 f5 30. d6 Re6 31. Rcd1 Kf7 32. h3 Re8 33. g4 Rh8 34.
gxf5 gxf5 35. Kg3 Kf6 36. Rh2 Ke6 37. Re2+ Kf6 38. Re3 Rg8+ 39. Kh2 Rc8 40. Rd2
Rg8 41. Rg3 Rxg3 42. Kxg3 Rg7+ 43. Kf3 Rd7 44. h4 a6 45. h5 b5 46. Ke3 Ke6 47.
Rd4 Kf6 48. Rd5 Kf7 49. Kd4 Ke8 50. Re5+ Kd8 51. Kd5 Rg7 52. Rxf5 Rg2 53. h6 Rh2
54. Rf6 b4 55. Kc4 Kd7 56. Kxb4 Rxa2 57. Kc5 Ra5+ 58. Kd4 Rh5 59. f5 Rh2 60. Rg6
a5 61. Ke5 Re2+ 62. Kf6 Rf2 63. h7 Rh2 64. Kg7 a4 65. h8=Q Rb2 66. Kf7 Kc6 67.
Qxb2 a3 68. Qxa3 Kd7 69. Qa4+ Kc8 70. Qc6+ Kb8 71. Qc7+ Ka8 72. Rg8# 1-0

[Event "Kvika Reykjavik Open 2022"]
[Site "Reykjavik ISL"]
[Date "2022.04.07"]
[Round "2.81"]
[White "Hartmann, Wolfgang"]
[Black "Stefansson, Benedikt"]
[Result "0-1"]
[WhiteElo "1927"]
[BlackElo "1493"]
[WhiteFideId "12977373"]
[BlackFideId "2312379"]
[EventDate "2022.04.06"]

1. c4 f5 2. g3 Nf6 3. Bg2 d6 4. Nc3 e5 5. e3 Be7 6. Nge2 O-O 7. O-O Nc6 8. d3
Qe8 9. Nd5 Nxd5 10. cxd5 Nd8 11. Bd2 Nf7 12. Rc1 Bd8 13. Nc3 Nh6 14. b4 g5 15.
f4 Ng4 16. h3 Nh6 17. a4 Qg6 18. Ne2 gxf4 19. exf4 Rf7 20. Rc4 Rg7 21. Be1 Bd7
22. Qc2 b5 23. axb5 Bxb5 24. Rc3 Rb8 25. Ra3 a6 26. Nc3 exf4 27. Nxb5 axb5 28.
Rxf4 Nf7 29. Qf2 Bg5 30. Rxf5 Be3 31. Qxe3 Qxf5 32. Bc3 Ne5 33. Ra1 Qg5 34. Qxg5
Rxg5 35. d4 Nd3 36. Kh2 Rf8 37. Ra7 Rf2 38. Rxc7 Nf4 39. gxf4 Rfxg2+ 0-1

[Event "Kvika Reykjavik Open 2022"]
[Site "Reykjavik ISL"]
[Date "2022.04.07"]
[Round "2.82"]
[White "Haraldsson, Haraldur"]
[Black "Thorsteinsson, Thorsteinn Jakob F"]
[Result "1-0"]
[WhiteElo "1903"]
[BlackElo "1394"]
[WhiteFideId "2311100"]
[BlackFideId "2317940"]
[EventDate "2022.04.06"]

1. e4 c6 2. Nc3 d5 3. Nf3 dxe4 4. Nxe4 Bg4 5. Be2 Nd7 6. d4 Ngf6 7. Neg5 h6 8.
Nh3 e6 9. Nf4 Bd6 10. Nd3 Bxf3 11. Bxf3 Qb6 12. Be3 Nd5 13. Qe2 Bb4+ 14. Kf1
Nxe3+ 15. Qxe3 Be7 16. g3 O-O-O 17. Kg2 Bg5 18. Qe4 Nf6 19. Qe2 h5 20. h4 Bh6
21. c3 g6 22. a4 Rhe8 23. Ne5 Qc7 24. a5 Nd5 25. a6 b5 26. c4 bxc4 27. Qxc4 Rd6
28. Qc5 Re7 29. Ra3 Bg7 30. Nc4 Rdd7 31. Rd1 Nb6 32. Bxc6 Nxc4 33. Qxc4 Rd6 34.
Rc3 Kd8 35. Rcc1 Qb6 36. d5 e5 37. Rc3 Rc7 38. Rb3 Qa5 39. Rb8+ Rc8 40. Rb7 Rc7
41. Rb5 1-0

[Event "Kvika Reykjavik Open 2022"]
[Site "Reykjavik ISL"]
[Date "2022.04.07"]
[Round "2.83"]
[White "Larkin, Benjamin"]
[Black "Hafdisarson, Ingi Thor"]
[Result "1-0"]
[WhiteElo "1857"]
[BlackElo "1314"]
[WhiteFideId "479977"]
[BlackFideId "2306956"]
[EventDate "2022.04.06"]

1. e4 c6 2. d4 d5 3. e5 Bf5 4. Nf3 e6 5. Be2 Nd7 6. O-O Ne7 7. Nbd2 h6 8. Nb3
Rc8 9. Be3 Bh7 10. Qd2 Nf5 11. Rac1 Nxe3 12. fxe3 Be7 13. c4 dxc4 14. Bxc4 Nb6
15. Bd3 Bxd3 16. Qxd3 Nd5 17. Nfd2 O-O 18. Ne4 Nb4 19. Qb1 b6 20. a3 Nd5 21. Qd3
Qd7 22. Nbd2 c5 23. Nc4 b5 24. Ncd6 c4 25. Qe2 Bxd6 26. Nxd6 Rc7 27. Rf2 Nb6 28.
Rcf1 Qc6 29. Qh5 f5 30. Qg6 Re7 31. Nxf5 Rxf5 32. Rxf5 Qe8 33. Qxe8+ Rxe8 34.
Rf7 a6 35. Ra7 Ra8 36. Rxa8+ Nxa8 37. d5 exd5 38. e6 Nc7 39. e7 1-0

[Event "Kvika Reykjavik Open 2022"]
[Site "Reykjavik ISL"]
[Date "2022.04.07"]
[Round "2.84"]
[White "Kjartansson, Matthias Bjorgvin"]
[Black "Herrera, Diego"]
[Result "0-1"]
[WhiteElo "1504"]
[BlackElo "1832"]
[WhiteFideId "2319225"]
[BlackFideId "6601170"]
[EventDate "2022.04.06"]

1. d4 Nf6 2. c4 g6 3. Nc3 Bg7 4. e4 d6 5. Be2 O-O 6. g4 e5 7. dxe5 dxe5 8. Qxd8
Rxd8 9. g5 Ne8 10. Be3 Be6 11. Nf3 Nc6 12. Nd2 Nd4 13. O-O-O c6 14. b3 b5 15.
Bd3 Rac8 16. Kb2 Nd6 17. cxb5 cxb5 18. Bxd4 exd4 19. Nxb5 Nxb5 20. Bxb5 d3+ 21.
Kb1 Rc2 22. Nc4 Bxc4 23. Bxc4 Rb2+ 24. Kc1 d2+ 0-1

[Event "Kvika Reykjavik Open 2022"]
[Site "Reykjavik ISL"]
[Date "2022.04.07"]
[Round "2.86"]
[White "Palsson, Oli"]
[Black "Thorisson, Benedikt"]
[Result "0-1"]
[WhiteElo "1295"]
[BlackElo "1778"]
[WhiteFideId "2320142"]
[BlackFideId "2314576"]
[EventDate "2022.04.06"]

1. e4 e6 2. d4 d5 3. e5 c5 4. Nf3 Nc6 5. Bd3 cxd4 6. O-O Nge7 7. Re1 Ng6 8. a3
Qc7 9. Bxg6 hxg6 10. Bf4 Qb6 11. b4 a5 12. bxa5 Rxa5 13. Nbd2 Rxa3 14. Rb1 Qa7
15. Nb3 Bb4 16. Bd2 Be7 17. Bg5 f6 18. exf6 gxf6 19. Bh4 e5 20. Bg3 Bg4 21. Qc1
Ra2 22. Nxe5 fxe5 23. Bxe5 Nxe5 24. Rxe5 Rh5 25. Re1 d3 26. Qf4 Be2 27. Qg3 Rg5
28. Qh3 Rxc2 29. Qh8+ Kd7 30. Nd4 Ra2 31. Nxe2 Rxe2 32. Rxe2 dxe2 33. Qh3+ Rf5
34. Qg3 Qb6 35. Re1 Rxf2 36. Qg4+ Rf5+ 37. Kh1 Qf2 0-1

[Event "Kvika Reykjavik Open 2022"]
[Site "Reykjavik ISL"]
[Date "2022.04.07"]
[Round "2.90"]
[White "Omarsson, Josef"]
[Black "Lewis, Stephen"]
[Result "1-0"]
[WhiteElo "1352"]
[BlackElo "1929"]
[WhiteFideId "2316102"]
[BlackFideId "479713"]
[EventDate "2022.04.06"]

1. d4 Nf6 2. Bf4 d5 3. e3 Bf5 4. Nf3 e6 5. c4 c6 6. Nc3 Bd6 7. Bg3 O-O 8. cxd5
exd5 9. Bd3 Bxd3 10. Qxd3 Re8 11. O-O Ne4 12. Bxd6 Qxd6 13. Nd2 Nxd2 14. Qxd2
Nd7 15. Rac1 Re6 16. Ne2 Rh6 17. Ng3 Re8 18. h3 Rhe6 19. a3 Nf6 20. Qe2 g6 21.
b4 a6 22. Qd2 h5 23. Qd3 h4 24. Ne2 Nh5 25. Rb1 Kg7 26. a4 Qd8 27. b5 cxb5 28.
axb5 a5 29. Rfc1 Nf6 30. Qc3 b6 31. Qc7 Ne4 32. Rb2 Qf6 33. Nc3 R8e7 34. Qb8
Nxc3 35. Rxc3 g5 36. Rc8 Kg6 37. Rg8+ Kf5 38. g4+ Ke4 39. Qc8 Kf3 40. Qc2 Rxe3
41. fxe3 Kxe3 42. Rb3+ 1-0

[Event "Kvika Reykjavik Open 2022"]
[Site "Reykjavik ISL"]
[Date "2022.04.07"]
[Round "2.91"]
[White "Shuey, Michael"]
[Black "Hoskuldsson, Sigurdur Heidar"]
[Result "1/2-1/2"]
[WhiteElo "1838"]
[BlackElo "1321"]
[WhiteFideId "30957176"]
[BlackFideId "2319675"]
[EventDate "2022.04.06"]

1. Nf3 g6 2. d4 Bg7 3. Bf4 d6 4. e3 a6 5. c4 b6 6. Nc3 Bb7 7. Be2 Nd7 8. O-O h6
9. Qc2 e6 10. e4 e5 11. Be3 Ngf6 12. h3 O-O 13. Rad1 Re8 14. d5 Bc8 15. b4 Nf8
16. c5 bxc5 17. bxc5 N8h7 18. Qd2 Nxe4 19. Nxe4 f5 20. Nxd6 cxd6 21. Bxh6 f4 22.
Bxg7 Kxg7 23. Rfe1 Ng5 24. Kh2 Ne4 25. Qb2 Nxc5 26. Rc1 Qf6 27. Bf1 e4 28. Qxf6+
Kxf6 29. Nd2 g5 30. Nc4 Ke7 31. Ne5 Kf6 32. Nc4 Ke7 1/2-1/2

[Event "Kvika Reykjavik Open 2022"]
[Site "Reykjavik ISL"]
[Date "2022.04.07"]
[Round "2.92"]
[White "Diamond, Colin"]
[Black "Thorisson, Bjartur"]
[Result "1-0"]
[WhiteElo "1738"]
[BlackElo "1292"]
[WhiteFideId "30961874"]
[BlackFideId "2314916"]
[EventDate "2022.04.06"]

1. d4 d5 2. c4 e6 3. Nf3 Nf6 4. Nc3 Be7 5. Bf4 O-O 6. e3 c5 7. dxc5 Bxc5 8. a3
a5 9. Qc2 Nc6 10. cxd5 exd5 11. Rd1 Re8 12. Nxd5 Nxd5 13. Qxc5 Qf6 14. Bg5 Qxb2
15. Rxd5 Nb4 16. axb4 axb4 17. Be2 Ra1+ 18. Bd1 Be6 19. Rd2 Qc3 20. Qxc3 bxc3
21. Rc2 Bb3 22. O-O Bxc2 23. Bxc2 Rea8 24. Nd4 R8a2 25. g3 b5 26. Be7 Rxf1+ 27.
Kxf1 Rb2 28. Ba3 Ra2 29. Bb4 f5 30. Bb3+ 1-0

[Event "Kvika Reykjavik Open 2022"]
[Site "Reykjavik ISL"]
[Date "2022.04.07"]
[Round "2.93"]
[White "Grose, Kameron"]
[Black "Johannsson, Markus Orri"]
[Result "1/2-1/2"]
[WhiteElo "1681"]
[BlackElo "1288"]
[WhiteFideId "474010"]
[BlackFideId "2318539"]
[EventDate "2022.04.06"]

1. e4 e5 2. Nf3 Nf6 3. Nxe5 d6 4. Nf3 Nxe4 5. d4 d5 6. Bd3 Nf6 7. O-O Be7 8. Bg5
O-O 9. c3 h6 10. Bh4 Bg4 11. Nbd2 Nbd7 12. Re1 Re8 13. Qc2 c6 14. h3 Bxf3 15.
Nxf3 Qc7 16. Bg3 Bd6 17. Bxd6 Qxd6 18. Nh4 Nf8 19. Nf5 Qd7 20. Ng3 g6 21. Qd2
Kg7 22. a4 a5 23. f4 Qd6 24. Qf2 b6 25. f5 g5 26. Qf3 N8d7 27. Nh5+ Nxh5 28.
Qxh5 Nf6 29. Qf3 Re7 30. Rxe7 Qxe7 31. Qe2 Re8 32. Re1 Qxe2 33. Rxe2 Rxe2 34.
Bxe2 Ne4 35. g4 Kf6 36. Bd3 Nd6 37. Kf2 c5 38. Ke3 c4 39. Bc2 Ke7 40. Bd1 Ne8
41. Kf3 Kd6 42. Ke3 Nf6 43. Bc2 Kc6 44. Kf3 1/2-1/2

[Event "Kvika Reykjavik Open 2022"]
[Site "Reykjavik ISL"]
[Date "2022.04.07"]
[Round "2.94"]
[White "Riedelsheimer, Julia"]
[Black "Sundberg, William"]
[Result "1-0"]
[WhiteElo "1663"]
[BlackElo "1279"]
[WhiteFideId "16212193"]
[BlackFideId "1742043"]
[EventDate "2022.04.06"]

1. d4 d5 2. c4 e6 3. Nf3 Be7 4. g3 Nf6 5. Bg2 Nbd7 6. O-O O-O 7. Nc3 Nb6 8. c5
Nc4 9. b3 Na5 10. Ne5 Nc6 11. Nxc6 bxc6 12. e4 Rb8 13. e5 Nd7 14. f4 f5 15. exf6
Bxf6 16. Re1 Rb4 17. Ne2 Nxc5 18. Ba3 Na6 19. Bxb4 Nxb4 20. Qd2 Na6 21. Rac1 Bb7
22. Rc2 Qd6 23. Nc1 c5 24. dxc5 Nxc5 25. Kh1 Qb6 26. Nd3 Ne4 27. Qb4 Bd4 28.
Qxb6 Bxb6 29. Bxe4 dxe4 30. Nc5 Ba8 31. b4 Rd8 32. Kg1 Rd3 33. Kf1 Rf3+ 34. Ke2
Bc6 35. a4 e3 36. a5 Rf2+ 37. Kd1 Bxc5 38. Rxc5 Ba4+ 39. Kc1 e2 40. Rxc7 Rxh2
41. Rxa7 Rg2 42. Rc7 Bb5 43. Rc5 Ba6 44. b5 Bb7 45. a6 Bd5 46. a7 Rxg3 47. Rxd5
Rc3+ 48. Kb2 Rc8 49. Rd7 Ra8 50. Rb7 1-0

[Event "Kvika Reykjavik Open 2022"]
[Site "Reykjavik ISL"]
[Date "2022.04.07"]
[Round "2.95"]
[White "Eythorsson, Engilbert Vidar"]
[Black "Adavatkar, Rugved"]
[Result "0-1"]
[WhiteElo "1253"]
[BlackElo "1652"]
[WhiteFideId "2321769"]
[BlackFideId "1055011"]
[EventDate "2022.04.06"]

1. d4 d5 2. c4 c6 3. Nc3 Nf6 4. Bg5 e6 5. e3 Be7 6. Nf3 Nbd7 7. cxd5 Nxd5 8.
Bxe7 Qxe7 9. Nxd5 exd5 10. Bd3 h6 11. O-O O-O 12. h3 f5 13. Qc2 g6 14. Rac1 Nf6
15. Ne5 Kg7 16. f4 Be6 17. Rf3 Ne4 18. Bxe4 fxe4 19. Rg3 Bf5 20. Qe2 Qh4 21. Kh2
Kh7 22. Rf1 Rac8 23. Rc1 Rc7 24. Qd2 Qe7 25. b4 Rf6 26. Qc3 b6 27. a3 Re6 28. a4
g5 29. fxg5 hxg5 30. Rf1 Bg6 31. h4 c5 32. Rxg5 cxb4 33. Qb2 a5 34. Kh3 Qe8 35.
Kg4 Rg7 36. Qf2 Qxa4 37. h5 Bxh5+ 38. Kxh5 Rh6+ 39. Kg4 Qe8 40. Qf5+ Kg8 41.
Rxg7+ Kxg7 42. Qg5+ Kh7 43. Rf7+ Qxf7 44. Nxf7 Rg6 45. Nd6 Rxg5+ 46. Kxg5 b3 47.
Nb5 b2 48. Na3 b5 49. g4 b4 50. Nb1 a4 51. Kf6 Kg8 52. Ke5 a3 53. Kxd5 a2 54.
Nd2 b1=Q 55. Nxe4 Qb3+ 56. Ke5 a1=Q 57. Nf6+ Kf7 58. Ne4 Qe6+ 59. Kf4 Qf1+ 60.
Kg3 Qxe4 61. d5 Qxe3+ 62. Kh4 Qfh3# 0-1

[Event "Kvika Reykjavik Open 2022"]
[Site "Reykjavik ISL"]
[Date "2022.04.07"]
[Round "2.96"]
[White "Leifsson, Thorsteinn"]
[Black "Saemundarson, Saethor Ingi"]
[Result "1-0"]
[WhiteElo "1652"]
[BlackElo "1212"]
[WhiteFideId "2302764"]
[BlackFideId "2319845"]
[EventDate "2022.04.06"]

1. d4 d5 2. c4 Nf6 3. Nf3 Bf5 4. Nc3 e6 5. e3 Nbd7 6. Qb3 Rb8 7. cxd5 exd5 8.
Nxd5 Be6 9. Nxf6+ Nxf6 10. Qa4+ Nd7 11. Bd3 Bd6 12. h3 Qe7 13. O-O a6 14. e4 c6
15. Re1 O-O 16. Qc2 Nb6 17. e5 Bc7 18. Bxh7+ Kh8 19. Be4 Bd5 20. Ng5 Rbe8 21.
Bxd5 f5 22. Bb3 Rf6 23. Bd2 1-0

[Event "Kvika Reykjavik Open 2022"]
[Site "Reykjavik ISL"]
[Date "2022.04.07"]
[Round "2.97"]
[White "Zamvar, Vipin"]
[Black "Brynjarsson, Orvar Holm"]
[Result "0-1"]
[WhiteElo "1620"]
[BlackElo "1211"]
[WhiteFideId "2403749"]
[BlackFideId "2321726"]
[EventDate "2022.04.06"]

1. e4 e6 2. d4 d5 3. Nd2 c5 4. Ngf3 Qb6 5. c3 Nc6 6. exd5 exd5 7. Nb3 c4 8. Nbd2
Be6 9. Be2 Bd6 10. O-O Nf6 11. Re1 O-O-O 12. Ng5 Qc7 13. Nf1 Rdg8 14. Nxe6 fxe6
15. Bf3 Qf7 16. b3 Na5 17. bxc4 Nxc4 18. Qa4 Kb8 19. Rb1 g5 20. Be2 Ne4 21. Bf3
Nxc3 22. Qb3 Nxb1 23. Qxb1 h5 24. Be2 Nb6 25. Qb3 g4 26. Ne3 Rf8 27. f3 Rhg8 28.
Kh1 gxf3 29. Bxf3 Qe7 30. Nxd5 Qh4 31. g3 Bxg3 32. Re2 exd5 33. Ba3 Re8 34. Qd1
Bxh2 0-1